MLB Team Home Run Leaders 2012 - Statistics

General Stats
  • This quiz has been taken 700 times
  • The average score is 12 of 30
Answer Stats
Hint Answer % Correct
Detroit Tigers (44) Miguel Cabrera
83%
Milwaukee Brewers (41) Ryan Braun
75%
Baltimore Orioles (33) Chris Davis
73%
Miami Marlins (37) Giancarlo Stanton
73%
New York Mets (32) Ike Davis
72%
Texas Rangers (43) Josh Hamilton
68%
Chicago White Sox (41) Adam Dunn
59%
San Francisco Giants (24) Buster Posey
57%
Toronto Blue Jays (42) Edwin Encarnacion
57%
Pittsburgh Pirates (31) Andrew McCutchen
56%
New York Yankees (43) Curtis Granderson
52%
Los Angeles Dodgers (23) Matt Kemp
52%
Tampa Bay Rays (28) B.J. Upton
51%
Cinncinnati Reds (34) Jay Bruce
47%
Philadelphia Phillies (23) Jimmy Rollins
41%
Kansas City Royals (29) Billy Butler
36%
Los Angeles Angels of Anaheim (32) Mark Trumbo
36%
Chicago Cubs (32) Alfonso Soriano
35%
Atlanta Braves (27) Jason Heyward
31%
Minnesota Twins (35) Josh Willingham
27%
San Diego Padres (31) Chase Headley
26%
Washington Nationals (33) Adam LaRoche
24%
Cleveland Indians (18) Carlos Santana
22%
Oakland Athletics (32) Josh Reddick
20%
Seattle Mariners (20) Kyle Seager
17%
St. Louis Cardinals (32) Carlos Beltran
14%
Arizona Diamondbacks (30) Jason Kubel
11%
Colorado Rockies (28) Wilin Rosario
8%
Boston Red Sox (25) Jarrod Saltalamacchia
6%
Houston Astros (18) Justin Maxwell
5%
No matching quizzes found
Score Distribution
Percent of People with Each Score
Percentile by Number Answered
Your Score History
You have not taken this quiz